000 00757nam a2200277 a 4500
003 AR-BaBNM
005 20251128202857.0
008 082120s2002 ||||||||||||||000 | spa||
040 _cAR-BaBNM
100 1 _aElflein, Ada María
245 0 0 _aDe tierra adentro
260 _aBuenos Aires
_bLibrería Hachette
_c1961
300 _a176 p.
490 0 _aEl pasado argentino
500 _aContiene referencias bibliográficas en p. 41
650 4 _aLITERATURA ARGENTINA
650 4 _aHISTORIA ARGENTINA
650 4 _aANTOLOGIAS
650 4 _aLITERATURA FOLKLORICA
650 4 _aCOSTUMBRES Y TRADICIONES
655 _aLITERATURA
700 1 _aGómez Paz, Julieta
_ecompilador
800 1 _aWeinberg, Gregorio
942 _cBK
998 _cMARTIN
999 _c1004
_d1004